| 000 | 00713nam a2200229Ia 4500 | ||
|---|---|---|---|
| 005 | 20230624124254.0 | ||
| 008 | 131103s9999 xx 000 0 und d | ||
| 020 | _cRs.16 | ||
| 040 | _aLoreto College | ||
| 041 | _aEnglish | ||
| 082 |
_a301.431 _bBLU |
||
| 100 | _aBlum,Milton L. | ||
| 245 |
_aCounseling and psychology _b vocational psychology and its relation to education and personal counseling _cMilton L.Blum and Benjamin Balinsky |
||
| 260 |
_aBombay _bAsia Publishing House _c1961 |
||
| 300 | _axix,586 p. | ||
| 504 | _aIncludes bibliography and index | ||
| 650 | _aCounseling | ||
| 651 | _aApplied Psychology,Counseling | ||
| 700 | _aBalinsky,Benjamin,auth. | ||
| 850 | _aLCLIB | ||
| 942 | _cBK | ||
| 999 |
_c3521 _d54000 |
||